,,Cześć" w każdym europejskim języku (prawie) - Statystyki

Ogólne statystyki
  • Ten quiz został rozwiązany 22 razy
  • Średni wynik to 8 z 37
Statystyki odpowiedzi
Wskazówka Odpowiedź % Poprawnych
Włoski Ciao
71%
Angielski Hi
71%
Czeski Ahoj
57%
Polski Cześć
57%
Hiszpański Hola
57%
Rosyjski Привет
43%
Ukraiński привіт
43%
Niemiecki Hallo
43%
Francuski Salut
43%
Słoweński Zdravo
43%
Serbski Здраво
29%
Słowacki Ahoj
29%
Norweski Hei
29%
Bośniacki Zdravo
29%
Grecki Γεια
14%
Macedoński Здраво
14%
Fiński Hei
14%
Holenderski (Niderlandzki) Hoi
14%
Kataloński Hola
14%
Albański Përshëndetje
14%
Litewski Sveiki | Labas
14%
Węgierski Szia
14%
Czarnogórski Zdravo | Ćao
14%
Białoruski прывітанне
0%
Bułgarski здрасти
0%
Chorwacki Bok
0%
Irlandzki Dia duit
0%
Islandzki
0%
Duński Hej
0%
Szwedzki Hej
0%
Walijski Helo
0%
Maltański Hi
0%
Rumuński Hi
0%
Portugalski Oi
0%
Luksemburski Salut
0%
Łotewski Sveiki
0%
Estoński Tere
0%
Nie znaleziono quizów pasujących do podanych kryteriów
Rozkład punktacji
Procent ludzi z każdym wynikiem
Percentyl według liczby udzielonych odpowiedzi
Twoja historia wyników
Nie rozwiązałeś tego quizu